| 000 | 00882cab a2200253 4500 | ||
|---|---|---|---|
| 001 | ABS58384 | ||
| 008 | 090401t1998 xxu||||| |||| 00| 0 eng d | ||
| 035 | _a(Sirsi) u84822 | ||
| 041 | _aeng | ||
| 100 | _aHarris, F.C. | ||
| 245 | 2 | _aA needs-based methodology for classifying construction clients and selecting contractors | |
| 260 | _c1998 | ||
| 350 | _a0 | ||
| 490 |
_aConstruction Management & Economics _v16(1) January 1998 91-98 (8) |
||
| 520 | _aExamines a new contractor evaluation methodology matching client satisfaction to attainment of established needs in project schemes using multidimensional scaling and cluster analysis techniques. | ||
| 650 | _aCLIENTS NEEDS | ||
| 650 | _aTENDER EVALUATION | ||
| 690 | _aBUILT ENVIRONMENT | ||
| 700 | _aKometa, S.T. | ||
| 700 | _aChinuio, E.A. | ||
| 700 | _aOlomolaiye, P.O. | ||
| 942 | _n0 | ||
| 948 | _c12/03/1998 | ||
| 999 |
_c53337 _d53337 |
||